El trabajo en plataformas digitales /
Guardado en:
| Autor Principal: | |
|---|---|
| Formato: | Libro |
| Idioma: | Undetermined |
| Publicado: |
Buenos Aires :
Hammurabi,
2023.
|
| Edición: | 1a. ed. |
| Materias: | |
| Etiquetas: |
Agregar Etiqueta
Sin Etiquetas, Sea el primero en etiquetar este registro!
|
| LEADER | 00931nam a22001815a 4500 | ||
|---|---|---|---|
| 001 | DER.der014981 | ||
| 008 | 240425s2023####ag############000#0#und#d | ||
| 005 | 20240516091851.0 | ||
| 245 | 1 | 0 | |a El trabajo en plataformas digitales / |c Sebastián Moltrassio. |
| 250 | |a 1a. ed. | ||
| 260 | |a Buenos Aires : |b Hammurabi, |c 2023. | ||
| 300 | |a 207 p. | ||
| 500 | |a Cómo es la relación laboral de los trabajadores y las empresas bajo esta modalidad. Su problemática en la clasificación jurídica. Las nuevas tecnologías y el derecho. Tecnocapitalismo. Economías colaborativas y de plataformas. El trabajo de plataformas digitales: aplicaciones de trasporte de personas y correo privado en automotores. Relación laboral entre plataformas de transporte y conductores. | ||
| 020 | |a 9789878055787 | ||
| 100 | 1 | |a Moltrassio, Sebastián. | |
| 650 | 7 | |a INTELIGENCIA ARTIFICIAL | |
| 650 | 7 | |a DERECHO LABORAL | |
| 859 | |a DERECHO |b BIB. DERECHO |h 344 |i MOL |p 0010317 | ||
